[Event "Michigan Action"]
[Site "Detroit"]
[Date "1990.10.27"]
[Round "5"]
[White "Baze, Lineas"]
[Black "Brooks, John"]
[Result "0-1"]
[WhiteElo "2126"]
[BlackElo "2233"]
[PlyCount "103"]
[EventDate "1990.10.27"]

1. e4 c5 2. Nf3 Nf6 3. Nc3 d5 4. exd5 Nxd5 5. Be2 Nb4 6. O-O Bf5 7. d3 e6 8. a3
N4c6 9. Bf4 Be7 10. Qd2 O-O 11. Rfd1 Bf6 12. Rab1 h6 13. Be3 Nd4 14. Ne4 Be7
15. b4 b6 16. bxc5 bxc5 17. Rb7 Nbc6 18. Rdb1 Na5 19. Rxe7 Nxe2+ 20. Kf1 Bxe4
21. dxe4 Qxe7 22. Qxa5 Nd4 23. Nxd4 cxd4 24. Bxd4 Rfc8 25. c3 e5 26. Qxe5 Qxe5
27. Bxe5 Re8 28. Bd4 Rxe4 29. Rb7 a6 30. f3 Re6 31. Kf2 Rc8 32. Kg3 Rg6+ 33.
Kf2 h5 34. h3 h4 35. Rb4 Rgc6 36. Be5 Rc4 37. Rxc4 Rxc4 38. Ke3 f6 39. Bd4 Kf7
40. Kd3 Ra4 41. Bc5 Rf4 42. Bb4 Ke6 43. Ke3 g5 44. Bf8 Kd5 45. Bb4 Kc4 46. Kf2
Kd3 47. g3 Rf5 48. gxh4 gxh4 49. Kg2 Ke2 50. Be7 Rxf3 51. c4 Rg3+ 52. Kh2 0-1

[Event "Michigan Action"]
[Site "Detroit"]
[Date "1990.10.27"]
[Round "3"]
[White "Baze, Lineas"]
[Black "Bantelon, Ulrich"]
[Result "1-0"]
[WhiteElo "2126"]
[BlackElo "1865"]
[PlyCount "35"]
[EventDate "1990.10.27"]

1. e4 c5 2. Nf3 Nc6 3. d4 cxd4 4. Nxd4 Nf6 5. Nc3 d6 6. Be2 e5 7. Nb3 h6 8. O-O
Be7 9. Kh1 O-O 10. Be3 Be6 11. Bf3 a5 12. Qe2 a4 13. Nd2 d5 14. exd5 Nxd5 15.
Nxd5 Bxd5 16. Bxd5 Qxd5 17. c3 Bc5 18. c4 1-0

[Event "Michigan Action"]
[Site "Detroit"]
[Date "1990.10.27"]
[Round "3"]
[White "Basin, Leonid"]
[Black "Stockham, James"]
[Result "1-0"]
[WhiteElo "2542"]
[BlackElo "1833"]
[PlyCount "47"]
[EventDate "1990.10.27"]

1. d4 e6 2. c4 Bb4+ 3. Nc3 Nf6 4. Nf3 d5 5. Bg5 h6 6. Bxf6 Qxf6 7. Rc1 c6 8. e3
O-O 9. Bd3 Nd7 10. O-O Re8 11. e4 dxc4 12. e5 Qd8 13. Bxc4 Nb6 14. Bb3 Nd5 15.
Ne4 Bf8 16. Re1 f5 17. exf6 Nxf6 18. Nxf6+ Qxf6 19. Ne5 Bb4 20. Re3 Bd6 21. Qh5
Rf8 22. Rf3 Qg5 23. Rxf8+ Kxf8 24. Qf7# 1-0

[Event "Michigan Action"]
[Site "Detroit"]
[Date "1990.10.27"]
[Round "5"]
[White "Basin, Leonid"]
[Black "Noren, Kevin"]
[Result "1/2-1/2"]
[WhiteElo "2542"]
[BlackElo "2301"]
[PlyCount "72"]
[EventDate "1990.10.27"]

1. d4 Nf6 2. c4 g6 3. Nc3 Bg7 4. e4 d6 5. Be2 O-O 6. Bg5 c5 7. dxc5 Qa5 8. Bd2
Qxc5 9. Nf3 Bg4 10. O-O Nc6 11. Be3 Qa5 12. a3 Rac8 13. Nd2 Bxe2 14. Qxe2 Nd7
15. b4 Qe5 16. Rac1 a5 17. Nd5 e6 18. Nf4 axb4 19. Nd3 Qa5 20. axb4 Nxb4 21.
Nxb4 Qxb4 22. Rb1 Qa4 23. Rxb7 Ne5 24. Rc1 Rb8 25. Ra7 Qc6 26. h3 Ra8 27. Rxa8
Rxa8 28. c5 Nd7 29. Nb3 Nxc5 30. Nxc5 dxc5 31. Bxc5 Bd4 32. Ba3 Qb7 33. Bd6 Rc8
34. Rd1 Bg7 35. e5 Qb3 36. h4 Qc4 1/2-1/2

[Event "Michigan Action"]
[Site "Detroit"]
[Date "1990.10.27"]
[Round "2"]
[White "Bantelon, Ulrich"]
[Black "Thomas, Carlton"]
[Result "1-0"]
[WhiteElo "1865"]
[BlackElo "2149"]
[PlyCount "79"]
[EventDate "1990.10.27"]

1. e4 e6 2. d4 d5 3. exd5 Qxd5 4. Nf3 Nf6 5. Nc3 Bb4 6. Bd2 Bxc3 7. Bxc3 Ne4 8.
Bd3 Nxc3 9. bxc3 O-O 10. O-O Nd7 11. c4 Qd6 12. c3 Nf6 13. Qc2 Qf4 14. Rad1 b6
15. Qd2 Qxd2 16. Rxd2 Bb7 17. Ne5 Rfd8 18. f3 Kf8 19. Rfd1 h6 20. Kf2 Rac8 21.
Ke3 c5 22. h3 Ke7 23. Ng4 Ne8 24. Be2 cxd4+ 25. cxd4 Nd6 26. d5 exd5 27. cxd5
f6 28. Nf2 Rc3+ 29. Kf4 g5+ 30. Kg3 Nf5+ 31. Kh2 Ne3 32. Re1 f5 33. Bd3 f4 34.
Be4 Ba6 35. Ng4 Kd6 36. Nxh6 Kc5 37. Nf7 Rf8 38. Nxg5 Rg8 39. Ne6+ Kd6 40. Nxf4
1-0

[Event "Michigan Action"]
[Site "Detroit"]
[Date "1990.10.27"]
[Round "5"]
[White "Bantelon, Ulrich"]
[Black "Calton, Bill"]
[Result "0-1"]
[WhiteElo "1865"]
[BlackElo "2017"]
[PlyCount "50"]
[EventDate "1990.10.27"]

1. e4 Nf6 2. d3 d5 3. e5 Nfd7 4. d4 c5 5. c3 e6 6. Bd3 Nc6 7. Nf3 Qb6 8. O-O
cxd4 9. cxd4 Nxd4 10. Nxd4 Qxd4 11. Re1 Bb4 12. Re3 b6 13. a3 Be7 14. Nc3 a6
15. Ne2 Qc5 16. Bd2 d4 17. Rc1 dxe3 18. Rxc5 exf2+ 19. Kxf2 Bxc5+ 20. Be3 Bb7
21. Bxc5 Nxc5 22. Bb1 Rd8 23. Qc1 O-O 24. Nf4 Ne4+ 25. Ke3 Nc5 0-1

[Event "Michigan Action"]
[Site "Detroit"]
[Date "1990.10.27"]
[Round "5"]
[White "Attaya, Jim"]
[Black "Lester, Toby"]
[Result "0-1"]
[WhiteElo "1584"]
[BlackElo "1464"]
[PlyCount "60"]
[EventDate "1990.10.27"]

1. e4 c5 2. c3 Nc6 3. Nf3 e6 4. d4 cxd4 5. cxd4 Nf6 6. e5 Nd5 7. Be2 Be7 8. O-O
d6 9. Be3 Qc7 10. Bb5 Bd7 11. Nc3 dxe5 12. dxe5 Nxe3 13. fxe3 Rd8 14. Qb3 Nxe5
15. Nd4 Bc5 16. Bxd7+ Qxd7 17. Nce2 O-O 18. Rad1 Qe7 19. h3 Rd7 20. Nf3 Ng6 21.
Rxd7 Qxd7 22. Kh2 Qd6+ 23. Ng3 Qb6 24. Qc2 Bxe3 25. Re1 Bf2 26. Rf1 Bxg3+ 27.
Kxg3 Qd6+ 28. Kf2 Qb6+ 29. Kg3 Qd6+ 30. Kf2 Qf4 0-1

[Event "Michigan Action"]
[Site "Detroit"]
[Date "1990.10.27"]
[Round "3"]
[White "Attaya, Jim"]
[Black "El-murr, Toni"]
[Result "0-1"]
[WhiteElo "1584"]
[BlackElo "1943"]
[PlyCount "70"]
[EventDate "1990.10.27"]

1. e4 d6 2. f4 g6 3. d4 Bg7 4. Nf3 Nf6 5. Nc3 O-O 6. Bc4 c5 7. O-O cxd4 8. Qxd4
Ng4 9. Qd2 Qb6+ 10. Kh1 e6 11. a4 a6 12. a5 Qc5 13. Qe2 Nd7 14. h3 Ngf6 15. Be3
Qc7 16. Rfd1 Nh5 17. Kh2 Nc5 18. g4 Nf6 19. g5 Nh5 20. Bc1 Qb8 21. Na4 Nxa4 22.
Rxa4 Bd7 23. Ra3 Bc6 24. e5 Bxf3 25. Rxf3 dxe5 26. fxe5 Qxe5+ 27. Qxe5 Bxe5+
28. Kh1 Rac8 29. Bb3 Rfd8 30. Rdd3 Rxd3 31. Rxd3 Ng3+ 32. Kg2 Nf5 33. Rd7 Rc7
34. Rd8+ Kg7 35. Rb8 Rxc2+ 0-1

[Event "Michigan Action"]
[Site "Detroit"]
[Date "1990.10.27"]
[Round "1"]
[White "Attaya, Jim"]
[Black "Baze, Lineas"]
[Result "0-1"]
[WhiteElo "1584"]
[BlackElo "2126"]
[PlyCount "96"]
[EventDate "1990.10.27"]

1. e4 c5 2. c3 d5 3. e5 d4 4. Bc4 e6 5. Nf3 Nc6 6. a3 Nge7 7. d3 Ng6 8. Qe2 Qc7
9. b4 Ncxe5 10. Nxe5 Qxe5 11. cxd4 Qxe2+ 12. Kxe2 cxd4 13. f4 Bd6 14. g3 Bd7
15. Bb2 e5 16. Nd2 f6 17. Rae1 O-O-O 18. b5 Rhe8 19. Kf2 b6 20. Ne4 Bc5 21.
Nxc5 bxc5 22. a4 exf4 23. Rxe8 Rxe8 24. Ba3 Re5 25. g4 Bxg4 26. Re1 Kb7 27. Bg8
Rxe1 28. Kxe1 Ne5 29. Bxh7 Kb6 30. Be4 Bf3 31. h4 Bxe4 32. dxe4 Nf3+ 33. Kf2
Nxh4 34. Bc1 g5 35. Bd2 Ng6 36. Kg2 Ne5 37. Kh2 Nc4 38. Bc1 Nd6 39. Kh3 Nxe4
40. Kg4 Nc3 41. a5+ Kxb5 42. Kf5 Nd5 43. Ke6 Kc4 44. a6 f3 45. Ba3 f2 46. Kd6
f1=Q 47. Bxc5 Qf4+ 48. Kc6 Qc7# 0-1

[Event "Boynton MIni-Swiss (October)"]
[Site "Detroit, Mich."]
[Date "1990.10.28"]
[Round "1"]
[White "Moody, David"]
[Black "Steen, Harold"]
[Result "1-0"]
[WhiteElo "2043"]
[BlackElo "1790"]
[PlyCount "41"]
[EventDate "1990.10.28"]

1. e4 d6 2. d4 Nf6 3. Nc3 g6 4. f4 Bg7 5. Nf3 O-O 6. e5 dxe5 7. fxe5 Nd5 8. Bc4
Nb6 9. Bb3 Nc6 10. O-O Bg4 11. Be3 e6 12. Qd2 Bxf3 13. Rxf3 Na5 14. Bh6 Nxb3
15. axb3 c6 16. Rh3 Re8 17. Bxg7 Kxg7 18. Qh6+ Kg8 19. Rf1 Qxd4+ 20. Kh1 f5 21.
exf6 1-0

[Event "Boynton MIni-Swiss (October)"]
[Site "Detroit, Mich."]
[Date "1990.10.28"]
[Round "3"]
[White "Moody, David"]
[Black "Lewis, James"]
[Result "1/2-1/2"]
[WhiteElo "2043"]
[BlackElo "1840"]
[PlyCount "39"]
[EventDate "1990.10.28"]

1. e4 e5 2. Nf3 Nc6 3. d4 exd4 4. Bc4 Nf6 5. O-O Be7 6. Re1 O-O 7. e5 Ne8 8.
Nxd4 d5 9. Nxc6 bxc6 10. Bd3 g6 11. Bh6 Ng7 12. Nd2 Bg5 13. Bxg5 Qxg5 14. Nf3
Qe7 15. Qd2 c5 16. Qh6 Ne6 17. c4 c6 18. Re3 Re8 19. b3 Qf8 20. Qxf8+ 1/2-1/2

[Event "Boynton MIni-Swiss (October)"]
[Site "Detroit, Mich."]
[Date "1990.10.28"]
[Round "2"]
[White "Johnson, Henry"]
[Black "Moody, David"]
[Result "0-1"]
[WhiteElo "1958"]
[BlackElo "2043"]
[PlyCount "102"]
[EventDate "1990.10.28"]

1. d4 c5 2. Nf3 cxd4 3. Nxd4 a6 4. e4 Nf6 5. Nc3 e5 6. Nb3 Bb4 7. Bd3 d5 8.
exd5 e4 9. Qe2 O-O 10. Bc4 b5 11. Bxb5 axb5 12. Qxb5 Bxc3+ 13. bxc3 Ba6 14. Qc5
Qxd5 15. Ba3 Re8 16. Rd1 Qxc5 17. Bxc5 Nbd7 18. Bd4 Bc4 19. Nd2 Bxa2 20. O-O
Bd5 21. Ra1 h6 22. c4 Bc6 23. Nb3 Rxa1 24. Rxa1 Ra8 25. Ra5 Rxa5 26. Nxa5 Ba8
27. c5 Nd5 28. c6 Nb8 29. c4 Nc7 30. Be5 Nba6 31. Nb7 f6 32. Bd6 Kf7 33. Kf1
Ke6 34. c5 Kd5 35. Na5 Bxc6 36. Nxc6 Kxc6 37. Bf8 Ne6 38. Be7 Naxc5 39. g3 Kd7
40. Bxc5 Nxc5 41. g4 Ke6 42. Ke2 Ke5 43. Ke3 Nd3 44. f3 exf3 45. Kxf3 g5 46.
Ke3 Nf4 47. Kf3 Kd4 48. Kg3 Ke3 49. h3 Nxh3 50. Kxh3 Kf3 51. Kh2 Kxg4 0-1

[Event "Region V Open"]
[Site "Detroit, Mich."]
[Date "1990.11.03"]
[Round "3"]
[White "Moody, David"]
[Black "Rostrom, Richard"]
[Result "1/2-1/2"]
[WhiteElo "2043"]
[BlackElo "1734"]
[PlyCount "47"]
[EventDate "1990.11.03"]

1. e4 c6 2. d4 d5 3. exd5 cxd5 4. Bd3 Nf6 5. c3 Nc6 6. Bf4 e6 7. Nf3 Bd6 8. Ne5
Qc7 9. Qe2 Nd7 10. Nxc6 Bxf4 11. Nb4 O-O 12. Nd2 Bd6 13. Nc2 e5 14. dxe5 Nxe5
15. O-O-O Be6 16. Nd4 Bd7 17. Bc2 a6 18. h3 Rfe8 19. Qh5 g6 20. Qh4 Be7 21. Qg3
Bd6 22. Qh4 Be7 23. Qg3 Bd6 24. Qh4 1/2-1/2

[Event "Region V Open"]
[Site "Detroit, Mich."]
[Date "1990.11.03"]
[Round "2"]
[White "Moody, David"]
[Black "Flynn, Jeff"]
[Result "1/2-1/2"]
[WhiteElo "2043"]
[BlackElo "1738"]
[PlyCount "73"]
[EventDate "1990.11.03"]

1. e4 c5 2. Nf3 d6 3. d4 cxd4 4. Nxd4 Nf6 5. Nc3 a6 6. Bg5 e6 7. f4 Be7 8. Qf3
Qc7 9. O-O-O Nbd7 10. Bd3 b5 11. g4 b4 12. Na4 Bb7 13. Bxf6 Bxf6 14. Qe3 Qa5
15. b3 Nc5 16. Rhe1 Nxa4 17. bxa4 Qxa4 18. g5 Qa3+ 19. Kb1 Bxd4 20. Qxd4 O-O
21. Qxd6 Rfd8 22. Qe7 Bc6 23. f5 Re8 24. Qd6 Ba4 25. g6 hxg6 26. fxg6 f6 27.
Bc4 Bxc2+ 28. Kxc2 Qc3+ 29. Kb1 Qxc4 30. Rc1 Qb5 31. Rc5 Qb8 32. Rc7 Qb5 33.
Rd1 Qg5 34. Qg3 Qxg3 35. hxg3 Rad8 36. Rh1 Rc8 37. Rf7 1/2-1/2

[Event "Region V Open"]
[Site "Detroit, Mich."]
[Date "1990.11.03"]
[Round "1"]
[White "Attaya, Jim"]
[Black "Moody, David"]
[Result "0-1"]
[WhiteElo "1584"]
[BlackElo "2043"]
[PlyCount "30"]
[EventDate "1990.11.03"]

1. e4 e5 2. f4 d5 3. exd5 e4 4. c4 Bc5 5. Nc3 Nf6 6. d4 exd3 7. Bxd3 O-O 8. f5
Re8+ 9. Kd2 c6 10. Kc2 cxd5 11. Qf3 Nc6 12. Qg3 dxc4 13. Bxc4 Bxf5+ 14. Bd3
Bxd3+ 15. Qxd3 Nb4+ 0-1

[Event "Region V Open"]
[Site "Detroit, Mich."]
[Date "1990.11.04"]
[Round "4"]
[White "Moore, Robert"]
[Black "Moody, David"]
[Result "1/2-1/2"]
[WhiteElo "1735"]
[BlackElo "2043"]
[PlyCount "89"]
[EventDate "1990.11.03"]

1. e4 e5 2. Nf3 Nc6 3. Bb5 a6 4. Ba4 Nf6 5. O-O Be7 6. Re1 b5 7. Bb3 O-O 8. c3
d5 9. exd5 Nxd5 10. d3 Bb7 11. Nbd2 Nf4 12. Bc2 Nxd3 13. Bxd3 Qxd3 14. Nf1 Qxd1
15. Rxd1 e4 16. Nd4 Nxd4 17. Rxd4 Bc5 18. Rd1 Rad8 19. Bf4 Bb6 20. Ne3 h6 21.
h4 Rd3 22. Rxd3 exd3 23. Kf1 Rd8 24. Rd1 Be4 25. Ng4 f6 26. Bd2 Kf7 27. Re1 Bd5
28. b3 Re8 29. Rxe8 Kxe8 30. Ne3 Be6 31. Nd1 c5 32. Be3 Kd7 33. Ke1 Kc6 34. Kd2
c4 35. b4 Bxe3+ 36. Nxe3 Kd6 37. f4 g5 38. hxg5 hxg5 39. fxg5 fxg5 40. Nf1 Ke5
41. Ke3 Bg4 42. Ng3 Bd1 43. Ne4 Kf5 44. Nf2 Bc2 45. g3 1/2-1/2

[Event "Region V Open"]
[Site "Detroit, Mich."]
[Date "1990.11.04"]
[Round "5"]
[White "Moody, David"]
[Black "Frawley, Ed"]
[Result "1/2-1/2"]
[WhiteElo "2043"]
[BlackElo "1827"]
[PlyCount "68"]
[EventDate "1990.11.03"]

1. e4 e5 2. Nf3 Nc6 3. d4 exd4 4. Bc4 Be7 5. c3 Nf6 6. e5 Ne4 7. O-O O-O 8.
cxd4 d5 9. Bb3 Bg4 10. Nc3 Bxf3 11. gxf3 Nxc3 12. bxc3 Na5 13. Bc2 Qd7 14. Qd3
Qh3 15. Kh1 f6 16. Rg1 fxe5 17. Rg3 Qh5 18. dxe5 c6 19. Bd2 Nc4 20. Rag1 Rf7
21. e6 Raf8 22. exf7+ Rxf7 23. Be3 Ne5 24. Qf1 Nxf3 25. R1g2 Bd6 26. Rxg7+ Rxg7
27. Rxg7+ Kxg7 28. Qg2+ Kf7 29. Bxh7 Qxh7 30. Qxf3+ Ke6 31. Qg4+ Qf5 32. Qxf5+
Kxf5 33. Bxa7 c5 34. f3 Kf4 1/2-1/2

[Event "Huron Valley Amateur"]
[Site "Ann Arbor, MI"]
[Date "1990.11.10"]
[Round "2.2"]
[White "LaFata, Sam"]
[Black "Aldrich, Jeff"]
[Result "1-0"]
[WhiteElo "1969"]
[BlackElo "1735"]
[PlyCount "85"]
[EventDate "1990.11.10"]

1. d4 d5 2. c4 e6 3. Nc3 Nf6 4. Bg5 Nbd7 5. e3 c6 6. Nf3 Be7 7. Bd3 dxc4 8.
Bxc4 b5 9. Bd3 Bb7 10. O-O a6 11. e4 h6 12. Bh4 O-O 13. e5 Nd5 14. Bxe7 Nxe7
15. Ne4 Nd5 16. Rc1 Rb8 17. Bb1 f6 18. exf6 N5xf6 19. Qe2 Qe7 20. Rfe1 c5 21.
Nxc5 Nxc5 22. dxc5 Bxf3 23. Qxf3 Nd7 24. Qe3 Rbc8 25. b4 Rf6 26. Rcd1 a5 27. a3
Nb8 28. Qd3 Qe8 29. Ba2 axb4 30. axb4 Na6 31. Qe4 Nc7 32. Rd6 Ra8 33. Bb1 Ra4
34. Red1 Ra8 35. Rd7 g6 36. Rxc7 Rd8 37. Rd6 Qf8 38. Rcd7 Rc8 39. g3 Qe8 40.
Bd3 Qf8 41. Rxe6 Ra8 42. Rxf6 Qxf6 43. Qxa8+ 1-0

[Event "Huron Valley Amateur"]
[Site "Ann Arbor, MI"]
[Date "1990.11.10"]
[Round "1.13"]
[White "Aldrich, Jeff"]
[Black "Travis, Ernie"]
[Result "1-0"]
[WhiteElo "1735"]
[BlackElo "1195"]
[PlyCount "59"]
[EventDate "1990.11.10"]

1. d4 d5 2. c4 dxc4 3. Nf3 Nf6 4. Nc3 e6 5. e3 Nc6 6. Bxc4 Bb4 7. Bd2 O-O 8.
O-O Bxc3 9. Bxc3 Ne4 10. Bd3 Nxc3 11. bxc3 Qf6 12. e4 Qe7 13. Re1 f6 14. d5 Nd8
15. c4 e5 16. Rc1 Bg4 17. Re3 Bxf3 18. Rxf3 c6 19. Rh3 cxd5 20. exd5 g6 21. c5
Rc8 22. d6 Qd7 23. Bc4+ Ne6 24. Qb3 Rfe8 25. Bd5 Rb8 26. Rd3 Kg7 27. Bxe6 Rxe6
28. c6 Qe8 29. c7 Rc8 30. d7 1-0

[Event "Huron Valley Amateur"]
[Site "Ann Arbor, MI"]
[Date "1990.11.10"]
[Round "3.8"]
[White "Aldrich, Jeff"]
[Black "Pavlovich, Joseph"]
[Result "1/2-1/2"]
[WhiteElo "1735"]
[BlackElo "1525"]
[PlyCount "76"]
[EventDate "1990.11.10"]

1. d4 Nf6 2. c4 e5 3. d5 Bc5 4. Nc3 d6 5. e4 O-O 6. Nf3 c6 7. Bg5 Bg4 8. Be2
Nbd7 9. O-O a6 10. a3 Qc7 11. Rc1 h6 12. Bh4 Bh5 13. Kh1 Bg6 14. Nd2 Rfe8 15.
f3 Bh7 16. b4 Ba7 17. Bf2 Bxf2 18. Rxf2 a5 19. b5 Nc5 20. Nb3 Nxb3 21. Qxb3 Nd7
22. Bf1 c5 23. Rb1 Nb6 24. Na4 Nxa4 25. Qxa4 b6 26. g3 Qd7 27. Bg2 Rf8 28. f4
Rae8 29. Re1 Qg4 30. Bf3 Qd7 31. fxe5 Rxe5 32. Qd1 Rfe8 33. Rfe2 Kh8 34. Re3
Qe7 35. R3e2 Qd7 36. Qd2 R8e7 37. Kg1 Qd8 38. Qd3 f6 1/2-1/2

[Event "Huron Valley Amateur"]
[Site "Ann Arbor, MI"]
[Date "1990.11.11"]
[Round "4.7"]
[White "Carr, James"]
[Black "Aldrich, Jeff"]
[Result "0-1"]
[WhiteElo "1420"]
[BlackElo "1735"]
[PlyCount "128"]
[EventDate "1990.11.10"]

1. e4 c6 2. c4 d5 3. exd5 cxd5 4. cxd5 Qxd5 5. Nc3 Qd8 6. Bb5+ Bd7 7. Bxd7+
Nxd7 8. d4 e6 9. Bf4 Ngf6 10. Nge2 Be7 11. Nb5 Qa5+ 12. Nec3 Nd5 13. Qf3 Rc8
14. O-O Nxf4 15. Qxf4 Rc6 16. Rac1 a6 17. d5 e5 18. Qa4 Qxa4 19. dxc6 Qg4 20.
cxd7+ Qxd7 21. Rfd1 axb5 22. Rxd7 Kxd7 23. Nxb5 Rc8 24. Rxc8 Kxc8 25. Kf1 Kd7
26. Ke2 Kc6 27. a4 Kc5 28. Kd3 Kb4 29. Nc3 Kb3 30. Nd5 Bc5 31. f3 Bd4 32. Nc3
Kxb2 33. Nb5 Kb3 34. Nd6 b6 35. Nxf7 Kxa4 36. Ng5 b5 37. Nxh7 Ka3 38. Ng5 b4
39. Ne4 Kb2 40. Kc4 Bc3 41. Nc5 Kc2 42. Nb3 Kd1 43. Kd3 Ke1 44. Ke3 Kf1 45. g4
Kg2 46. h4 Kg3 47. h5 Kh4 48. Ke4 Kg5 49. Nc1 Bd4 50. Nb3 Bc3 51. Nc1 Kf6 52.
Nb3 Ke6 53. Nc5+ Kd6 54. Nb3 Be1 55. f4 exf4 56. Kxf4 Kd5 57. Kf5 Kc4 58. Na5+
Kb5 59. Nb3 Bc3 60. Kg6 Ka4 61. Nc5+ Ka3 62. h6 gxh6 63. Kxh6 Bd4 64. g5 Bxc5 {
Time} 0-1

[Event "Huron Valley Amateur"]
[Site "Ann Arbor, MI"]
[Date "1990.11.11"]
[Round "5.6"]
[White "Aldrich, Jeff"]
[Black "Grossman, Jay"]
[Result "0-1"]
[WhiteElo "1735"]
[BlackElo "1605"]
[PlyCount "140"]
[EventDate "1990.11.10"]

1. d4 Nf6 2. c4 g6 3. Nc3 Bg7 4. e4 d6 5. f4 O-O 6. Nf3 Ne8 7. e5 f5 8. Be2 c6
9. O-O Nc7 10. Be3 Nd7 11. Qb3 Qe8 12. Rad1 c5 13. d5 b6 14. e6 Nf6 15. Rfe1 h6
16. Qc2 Rb8 17. a3 a6 18. b4 Nh5 19. g3 Nf6 20. Bf1 Ng4 21. Kh1 Nxe3 22. Rxe3
Qd8 23. Nh4 Qe8 24. Bd3 Kh7 25. Nxf5 gxf5 26. Bxf5+ Kh8 27. Bg6 Qd8 28. Bf7 Ne8
29. Qg6 Nf6 30. g4 Rxf7 31. exf7 Bxg4 32. Rg3 Qf8 33. Rdg1 Bh5 34. Qxg7+ Qxg7
35. Rxg7 Bf3+ 36. R1g2 Bxg2+ 37. Rxg2 Rf8 38. bxc5 bxc5 39. Re2 Rxf7 40. Ne4
Nh5 41. Rf2 Rxf4 42. Rxf4 Nxf4 43. Kg1 Ng6 44. Ng3 Ne5 45. Nf5 Nxc4 46. Nxe7
Nxa3 47. Nf5 Nb5 48. Kf2 Kh7 49. Ke3 a5 50. Kd3 a4 51. Kc4 a3 52. Ne3 a2 53.
Nc2 Nd4 54. Na1 Kg6 55. Kc3 Kf5 56. Kb2 Ke4 57. Kxa2 Kxd5 58. Kb2 c4 59. Kc3
Kc5 60. h3 h5 61. Kd2 Nb3+ 62. Nxb3+ cxb3 63. Kc3 Kd5 64. Kxb3 Ke4 65. Kc2 d5
66. Kd2 d4 67. h4 Kf3 68. Kd3 Kg4 69. Kxd4 Kxh4 70. Ke3 Kg3 0-1

[Event "Trenton Action (November)"]
[Site "Trenton, Mich."]
[Date "1990.11.18"]
[Round "5"]
[White "Thompson, Dexter"]
[Black "Moody, David"]
[Result "1-0"]
[WhiteElo "2295"]
[BlackElo "2043"]
[PlyCount "23"]
[EventDate "1990.11.18"]

1. e4 e5 2. Nf3 Nc6 3. Bc4 Nf6 4. Nc3 Nxe4 5. O-O Nxc3 6. dxc3 f6 7. Nh4 Bc5 8.
Qh5+ g6 9. Nxg6 hxg6 10. Qxh8+ Ke7 11. Qg7+ Kd6 12. Rd1+ 1-0

[Event "Trenton Action (November)"]
[Site "Trenton, Mich."]
[Date "1990.11.18"]
[Round "4"]
[White "Ridella, Dennis"]
[Black "Moody, David"]
[Result "0-1"]
[WhiteElo "1804"]
[BlackElo "2043"]
[PlyCount "36"]
[EventDate "1990.11.18"]

1. e4 e5 2. Nf3 Nc6 3. Bc4 Nf6 4. Nc3 Nxe4 5. Nxe4 d5 6. Bb5 dxe4 7. Nxe5 Qg5
8. Nxc6 Qxb5 9. Nd4 Qg5 10. g3 Bg4 11. d3 Qh5 12. Qd2 O-O-O 13. Ne2 exd3 14.
Nf4 Qe5+ 15. Kf1 dxc2 16. Qxc2 Rd1+ 17. Kg2 Rxh1 18. Kxh1 Bf3+ 0-1

[Event "Trenton Action (November)"]
[Site "Trenton, Mich."]
[Date "1990.11.18"]
[Round "2"]
[White "Moody, David"]
[Black "Lewis, James"]
[Result "1-0"]
[WhiteElo "2043"]
[BlackElo "1840"]
[PlyCount "85"]
[EventDate "1990.11.18"]

1. e4 d6 2. d4 Nf6 3. Nc3 g6 4. f4 Bg7 5. Nf3 Nbd7 6. e5 dxe5 7. dxe5 Ng4 8. e6
fxe6 9. Ng5 Ndf6 10. Qxd8+ Kxd8 11. Nf7+ Ke8 12. Nxh8 Bxh8 13. Bc4 c6 14. h3
Nh6 15. Be3 Nd5 16. Bxd5 exd5 17. O-O-O Bxc3 18. bxc3 Nf5 19. Bc5 Nd6 20. Bxd6
exd6 21. Rhe1+ Kf7 22. g4 b5 23. Rd3 Bd7 24. f5 Re8 25. Rxe8 Bxe8 26. fxg6+
hxg6 27. g5 Bd7 28. Rf3+ Bf5 29. h4 Kg7 30. Kd2 a5 31. Rxf5 gxf5 32. Ke3 c5 33.
Kf4 Kg6 34. h5+ Kxh5 35. Kxf5 b4 36. g6 Kh4 37. g7 Kg3 38. g8=Q+ Kf2 39. Kf4
Ke2 40. Qxd5 bxc3 41. Qd3+ Ke1 42. Ke3 d5 43. Qe2# 1-0

[Event "Trenton Action (November)"]
[Site "Trenton, Mich."]
[Date "1990.11.18"]
[Round "3"]
[White "Moody, David"]
[Black "Finegold, Mark"]
[Result "0-1"]
[WhiteElo "2043"]
[BlackElo "2233"]
[PlyCount "64"]
[EventDate "1990.11.18"]

1. e4 e5 2. Nf3 Nc6 3. Bb5 Bc5 4. c3 Nf6 5. d4 exd4 6. cxd4 Bb4+ 7. Bd2 Nxe4 8.
Bxc6 Nxd2 9. Bxd7+ Bxd7 10. Nbxd2 Bb5 11. Qb3 Qe7+ 12. Qe3 Qxe3+ 13. fxe3 O-O-O
14. a3 Be7 15. Kf2 Kb8 16. Rhc1 Rhe8 17. Rc3 f6 18. Rac1 Rd7 19. Ne4 b6 20. Ng3
Bf8 21. e4 g6 22. d5 Bd6 23. Ke3 f5 24. Nd4 f4+ 25. Kf3 fxg3 26. Nxb5 Be5 27.
Rc6 Rf8+ 28. Kg4 h5+ 29. Kh3 gxh2 30. Rxg6 h4 31. d6 cxd6 32. b3 a6 0-1

[Event "Trenton Action (November)"]
[Site "Trenton, Mich."]
[Date "1990.11.18"]
[Round "1"]
[White "Borhani-Azar, Chris"]
[Black "Moody, David"]
[Result "0-1"]
[WhiteElo "1408"]
[BlackElo "2043"]
[PlyCount "80"]
[EventDate "1990.11.18"]

1. e4 e5 2. Nf3 Nc6 3. Bb5 a6 4. Bxc6 dxc6 5. O-O Qd6 6. d3 Bd7 7. b3 O-O-O 8.
Ba3 Qf6 9. Bxf8 Rxf8 10. d4 exd4 11. Qxd4 Qxd4 12. Nxd4 Nf6 13. Re1 Rd8 14. e5
Nd5 15. c4 Nb4 16. Re2 Bg4 17. Rd2 c5 18. Nf3 Nc2 19. h3 Nxa1 20. hxg4 Rxd2 21.
Nbxd2 b6 22. Ne1 Rd8 23. Ne4 Rd1 24. Kf1 Nc2 25. Ke2 Rxe1+ 26. Kd3 Nb4+ 27. Kd2
Rxe4 28. f3 Rxe5 29. a3 Nc6 30. Kd3 Kd7 31. Kc3 Nd4 32. b4 Re3+ 33. Kb2 Rb3+
34. Ka2 cxb4 35. axb4 a5 36. bxa5 bxa5 37. c5 a4 38. f4 Nb5 39. f5 Nc3+ 40. Ka1
Rb1# 0-1

[Event "Boynton Mini-Swiss (November)"]
[Site "Detroit, Mich."]
[Date "1990.11.24"]
[Round "3"]
[White "Moody, David"]
[Black "Eagle, Chris"]
[Result "1/2-1/2"]
[WhiteElo "2043"]
[BlackElo "2101"]
[PlyCount "50"]
[EventDate "1990.11.24"]

1. e4 g6 2. d4 d6 3. Nc3 Bg7 4. Nf3 Nf6 5. Bc4 c5 6. dxc5 Qa5 7. O-O Qxc5 8.
Qe2 Bg4 9. Be3 Bxf3 10. Bb5+ Nbd7 11. Qxf3 Qb4 12. e5 dxe5 13. Qxb7 O-O 14. a3
Qg4 15. Bxa7 e4 16. Bd4 Rab8 17. Qc7 Rfc8 18. Qg3 Qe6 19. Bxd7 Qxd7 20. Rfd1
Qf5 21. b4 Nh5 22. Qe3 e5 23. Bc5 Nf4 24. Qxe4 Qg5 25. Ne2 f5 1/2-1/2

[Event "Boynton Mini-Swiss (November)"]
[Site "Detroit, Mich."]
[Date "1990.11.24"]
[Round "1"]
[White "Moody, David"]
[Black "Dmuchowski, Frank"]
[Result "1-0"]
[WhiteElo "2043"]
[BlackElo "1796"]
[PlyCount "91"]
[EventDate "1990.11.24"]

1. e4 c6 2. d4 d5 3. exd5 cxd5 4. Bd3 Nc6 5. c3 Nf6 6. Bf4 e6 7. Nf3 Bd6 8.
Bxd6 Qxd6 9. O-O O-O 10. Qe2 a6 11. Nbd2 b5 12. Ne5 Nd7 13. f4 f6 14. Qh5 f5
15. Nxd7 Bxd7 16. Rae1 Rf6 17. Qe2 Ne7 18. Nb3 Ng6 19. Nc5 Bc8 20. g3 Nf8 21.
Rf3 Ra7 22. Re3 Rc7 23. b4 Rc6 24. Bc2 Rb6 25. Bb3 Qc6 26. Qf3 Qc7 27. Re5 Rd6
28. a4 Bd7 29. axb5 Bxb5 30. Qe3 Bd7 31. Qe2 Bb5 32. Qa2 Qc8 33. Kf2 Kh8 34. h3
Rh6 35. Kg2 Rf6 36. Qf2 Ng6 37. R5e3 Nf8 38. Qf3 Rh6 39. g4 Ng6 40. Kh2 fxg4
41. Qxg4 Rh4 42. Qg3 Rxf4 43. Nxe6 Qb8 44. Nxf4 Nxf4 45. Qxf4 g5 46. Qe5+ 1-0

[Event "Boynton Mini-Swiss (November)"]
[Site "Detroit, Mich."]
[Date "1990.11.24"]
[Round "2"]
[White "Burg, Dan"]
[Black "Moody, David"]
[Result "0-1"]
[WhiteElo "1841"]
[BlackElo "2043"]
[PlyCount "54"]
[EventDate "1990.11.24"]

1. e4 e5 2. Nf3 Nc6 3. d4 exd4 4. Bc4 Nf6 5. e5 d5 6. Bb5 Ne4 7. Nxd4 Bc5 8.
Bxc6+ bxc6 9. O-O Ba6 10. Re1 Nxf2 11. Kxf2 Qh4+ 12. Kg1 Bxd4+ 13. Kh1 Bf2 14.
Re2 Bxe2 15. Qxe2 Bg3 16. h3 O-O 17. Nd2 Rae8 18. Nf3 Qe4 19. Qa6 Rxe5 20. Bd2
Rh5 21. Rf1 Qxc2 22. Qxa7 Qd3 23. Rc1 Re8 24. Kg1 Rxh3 25. gxh3 Qxf3 26. Rxc6
Bh2+ 27. Kxh2 Re2+ 0-1